000 00436nam a2200181Ia 4500
001 13695
005 20260306164820.0
008 260306t1992||||xx |||||||||||||| ||spa||
041 _aESP
082 _a005.131
_bR18
100 _aThe Raise Language Group
_eAUT
245 4 _aThe raise specification language
260 _c1992
300 _a397 páginas :
_c26 cm.
650 _aGEN
654 _aCCC
942 _cLIB
_dJUS
_fJUS
_2ddc
_n
999 _c13695
_d13695